000 00325nam a2200097Ia 4500
008 220204s9999 xx 000 0 und d
082 _aNR:050.8:631.53
_bPLA
245 0 _aPlanting materials list of approved seed collection areas approved private nurseries. 1966 and 1969
260 _akottayam
_brubber board
_c1966
942 _cBK
999 _c23574
_d23574